LEADER 01510nam a2200337 a 4500 001 000000148582 003 CaOOAMICUS 005 20160115094243.0 008 160115s2015 vc u000 u ita r 020 $a978-88-209-9650-5* 032 $aLibriCat 040 $aPUL$bita 082 04$a261.5 245 00$aDiversitą e inclusione :$ble sfide dell'universitą per un nuovo umanesimo /$ca cura di Anna Maria Favorini, Pasquale Moliterni. 260 $aCittą del Vaticano :$bLibreria editrice vaticana,$c©2015. 300 $a298 p. ;$c21 cm. 490 1 $aNuovo umanesimo ;$v04 500 $aNell'occhietto: Scienze educative. 504 $aBibliografia in nota. 650 4$aUmanesimo contemporaneo.$0(OLS)http://pul/subject/23170 700 1 $aMoliterni, Pasquale.$0(OLS)http://pul/name/94847 700 1 $aFavorini, Anna Maria.$0(OLS)http://pul/name/75884 830 0$aNuovo umanesimo ;$v04.$0(OLS)http://pul/title/187390 850 $aPUL 852 $aPUL$W1$xSL Religione 3$y85$m261. 5 BETEM 1.4$j171266$qDDC 21$B172611$CPULBib$Z2$F172611 $H126788 $81 941 1 $a9 996 $6020$a978-88-209-9650-5*$9(OLS)http://pul/number/159347 996 $6082$a261.5$9(OLS)http://pul/classification/417 996 $6245$aDiversitą e inclusione :$ble sfide dell'universitą per un nuovo umanesimo$9(OLS)http://pul/title/187394 996 $6260$aCittą del Vaticano :$bLibreria editrice vaticana$9(OLS)http://pul/publisher/47920 LEADER 01670nam a2200373 a 4500 001 000000128876 003 CaOOAMICUS 005 20120516113327.0 008 120516s2000 it u000 u ita r 020 $z8879161431* 040 $aPUL$bita 041 1 $aita$agrc$hgrc 082 04$a186 100 0 $aPlotinus,$d203/6-270.$0(OLS)http://pul/name/5766 240 10$aEnneades.$lItaliano e greco.$0(OLS)http://pul/title/78672 245 13$aLa felicitą e il tempo :$bPlotino, Enneadi 1.4-1.5 /$ctesto, traduzione e commento a cura di Alessandro Linguiti. 260 $aMilano :$bLED-Edizioni Universitarie di Lettere Economia Diritto,$c©2000. 300 $a165 p. ;$c21 cm 490 1 $aBiblioteca classica ;$v02 504 $aBibliografia p. [141]-151. 546 $aTesto greco a fronte. 600 04$aPlotinus,$d203/6-270.$tEnneades.$nI 4-5.$0(OLS)http://pul/subject/38676 650 4$aFilosofia greca$xStudi.$0(OLS)http://pul/subject/30634 700 1 $aLinguiti, Alessandro,$d1957-$0(OLS)http://pul/name/66620 830 0$aBiblioteca classica ;$v02.$0(OLS)http://pul/title/162848 850 $aPUL 852 $aPUL$W1$xSL Filosofia 3$y81$m186 PLOTI 1$j149230$qDDC 21$B147781$CPULBib$Z2$F147781 $H119643 $82 900 $aPlotino,$d203/6-270$95766 941 1 $a9 996 $6020$z8879161431*$9(OLS)http://pul/number/149667 996 $6082$a186$9(OLS)http://pul/classification/2251 996 $6245$aLa felicitą e il tempo :$bPlotino, Enneadi 1.4-1.5$9(OLS)http://pul/title/162847 996 $6260$aMilano :$bLED-Edizioni Universitarie di Lettere Economia Diritto$9(OLS)http://pul/publisher/66943